The top 25 greatest NBA players of all time - Statistics

General Stats
  • This quiz has been taken 108 times
    24 since last reset
  • The average score is 22 of 25
Answer Stats
Team Answer % Correct
Rockets Hakeem Olajuwon
100%
Lakers Lebron James
100%
Bulls Michael Jordan
100%
Warriors Stephen Curry
100%
Celtics Bill Russell
94%
Mavericks Dirk Nowitzki
94%
Bucks Giannis Antetokounmpo
94%
Rockets James Harden
94%
Bucks Kareem Abdul Jabbar
94%
Lakers Kobe Bryant
94%
Nuggets Nikola Jokic
94%
Spurs Tim Duncan
94%
Lakers Jerry West
88%
Jazz Karl Malone
88%
Suns Kevin Durant
88%
Celtics Larry Bird
88%
76ers Moose Malone
88%
Bulls Scottie Pippen
88%
Lakers Shaquille O’Neal
88%
Lakers Wilt Chamberlain
88%
Jazz John Stockton
81%
Lakers Magic Johnson
81%
Thunder Russell Westbrook
81%
Kings Oscar Robertson
75%
Pistons Isiah Thomas
69%
No matching quizzes found
Score Distribution
Percent of People with Each Score
Percentile by Number Answered
Your Score History
You have not taken this quiz since the last reset